[Event "Bucharest Super Rapid op"]
[Site "Bucharest"]
[Date "2022.04.30"]
[Round "1"]
[White "Indjic, Aleksandar"]
[Black "Capragiu, Matei Stefan"]
[Result "1-0"]
[WhiteElo "2613"]
[BlackElo "1856"]
[PlyCount "77"]
[EventDate "2022.04.30"]
[EventType "swiss (rapid)"]
[EventRounds "10"]
[EventCountry "ROU"]
[SourceTitle "CBM 208 Extra"]
[Source "ChessBase"]
[SourceDate "2022.07.31"]
[SourceVersion "1"]
[SourceVersionDate "2022.07.31"]
[SourceQuality "1"]

1. d4 Nf6 2. c4 g6 3. g3 Bg7 4. Bg2 d6 5. Nc3 0-0 6. Nf3 Nc6 7. d5 Nb8 8. Nd4 e5 9. dxe6 fxe6 10. 0-0 e5 11. Nc2 Nc6 12. b3 Be6 13. e4 Qd7 14. Be3 a5 15. f3 Nb4 16. Rf2 Rad8 17. Rd2 Qf7 18. Nxb4 axb4 19. Nd5 Nxd5 20. cxd5 Bd7 21. Rc1 Bb5 22. Bg5 Rd7 23. Bh3 Kh8 24. Be6 Qxf3 25. Qxf3 Rxf3 26. Bxd7 Bxd7 27. Rf2 Rxf2 28. Kxf2 c6 29. Be7 Bh6 30. Rc4 Bd2 31. Bxd6 Bc3 32. Bxb4 Bd4+ 33. Kf3 h5 34. dxc6 Bxc6 35. Bc3 Bxc3 36. Rxc3 Kg7 37. a4 g5 38. Rxc6 bxc6 39. a5 1-0

[Event "ROM-ch blitz"]
[Site "Bucharest"]
[Date "2022.03.13"]
[Round "1"]
[White "Capragiu, Matei Stefan"]
[Black "Deac, Bogdan Daniel"]
[Result "0-1"]
[WhiteElo "1665"]
[BlackElo "2646"]
[PlyCount "68"]
[EventDate "2022.03.13"]
[EventType "swiss (blitz)"]
[EventRounds "9"]
[EventCountry "ROU"]
[SourceTitle "EXT 2023"]
[Source "ChessBase"]
[SourceDate "2022.10.05"]
[SourceVersion "1"]
[SourceVersionDate "2022.10.05"]
[SourceQuality "1"]

1. d4 g6 2. c4 Bg7 3. Nc3 d6 4. e4 Nc6 5. Be3 e5 6. Nge2 Nh6 7. f3 f5 8. d5 Ne7 9. Qd2 Nf7 10. 0-0-0 a6 11. Kb1 Bd7 12. Nc1 0-0 13. Be2 Rb8 14. Nd3 Qc8 15. Rdg1 c5 16. dxc6 bxc6 17. g4 f4 18. Bf2 Be6 19. c5 d5 20. h4 Rd8 21. Qc2 Qb7 22. Ka1 a5 23. b3 dxe4 24. Nxe4 Nd5 25. Nb2 Nb4 26. Qc3 a4 27. Nxa4 Nxa2 28. Kxa2 Bxb3+ 29. Ka1 Ra8 30. Kb2 Bxa4+ 31. Kc1 Bb5 32. Kc2 Bxe2 33. Rb1 Qa6 34. Rhe1 Bd3+ 0-1

[Event "ROM-ch Rapid"]
[Site "Bucharest"]
[Date "2022.03.12"]
[Round "7"]
[White "Capragiu, Matei Stefan"]
[Black "Creanga, Robert Ionut"]
[Result "0-1"]
[WhiteElo "1902"]
[BlackElo "2115"]
[PlyCount "68"]
[EventDate "2022.03.11"]
[EventType "swiss (rapid)"]
[EventRounds "9"]
[EventCountry "ROU"]
[SourceTitle "CBM 207 Extra"]
[Source "ChessBase"]
[SourceDate "2022.05.31"]
[SourceVersion "1"]
[SourceVersionDate "2022.05.31"]
[SourceQuality "1"]

1. d4 Nf6 2. c4 e6 3. Nf3 Bb4+ 4. Bd2 Qe7 5. a3 Bxd2+ 6. Qxd2 0-0 7. Nc3 d6 8. e4 e5 9. d5 a5 10. b3 Nbd7 11. Bd3 Nh5 12. 0-0 Nf4 13. Bc2 Nb6 14. Ne2 Nxe2+ 15. Qxe2 Bg4 16. Bd3 Qf6 17. b4 Bxf3 18. Qxf3 Qxf3 19. gxf3 Nd7 20. Rfc1 axb4 21. axb4 g6 22. Rxa8 Rxa8 23. c5 dxc5 24. bxc5 c6 25. Kg2 Ra5 26. dxc6 bxc6 27. Rd1 Rxc5 28. Kg3 Nf8 29. f4 exf4+ 30. Kxf4 Ne6+ 31. Ke3 Rc3 32. Kd2 Ra3 33. Bc4 Nd4 34. Kc1 Rc3+ 0-1

[Event "ROM-ch Rapid"]
[Site "Bucharest"]
[Date "2022.03.12"]
[Round "6"]
[White "Magold, Filip"]
[Black "Capragiu, Matei Stefan"]
[Result "0-1"]
[WhiteElo "2185"]
[BlackElo "1902"]
[PlyCount "64"]
[EventDate "2022.03.11"]
[EventType "swiss (rapid)"]
[EventRounds "9"]
[EventCountry "ROU"]
[SourceTitle "CBM 207 Extra"]
[Source "ChessBase"]
[SourceDate "2022.05.31"]
[SourceVersion "1"]
[SourceVersionDate "2022.05.31"]
[SourceQuality "1"]

1. e4 e6 2. d4 d5 3. Nc3 Bb4 4. e5 c5 5. Bd2 Ne7 6. a3 Bxc3 7. Bxc3 0-0 8. Nf3 b6 9. b4 Ba6 10. b5 Bb7 11. Bd3 h6 12. g4 Nd7 13. h4 f6 14. exf6 Nxf6 15. g5 Ne4 16. Bxe4 dxe4 17. Ne5 Nd5 18. Bb2 e3 19. f3 hxg5 20. dxc5 bxc5 21. c4 Qa5+ 22. Kf1 Nf4 23. Qc2 g4 24. Bc3 Qc7 25. Rg1 Rf5 26. Rxg4 Raf8 27. Nc6 R8f7 28. Qe4 e2+ 29. Ke1 Rd7 30. Be5 Rxe5 31. Qxf4 Bxc6 32. bxc6 Qa5+ 0-1

[Event "ROM-ch"]
[Site "Eforie Nord"]
[Date "2022.02.22"]
[Round "3"]
[White "Capragiu, Matei Stefan"]
[Black "Stepanencu, Nicodim Cosmin"]
[Result "0-1"]
[WhiteElo "1902"]
[BlackElo "2334"]
[PlyCount "82"]
[EventDate "2022.02.20"]
[EventType "swiss"]
[EventRounds "9"]
[EventCountry "ROU"]
[SourceTitle "CBM 207 Extra"]
[Source "ChessBase"]
[SourceDate "2022.05.31"]
[SourceVersion "1"]
[SourceVersionDate "2022.05.31"]
[SourceQuality "1"]

1. d4 Nf6 2. c4 g6 3. Nc3 Bg7 4. e4 d6 5. f3 0-0 6. Be3 Nbd7 7. Qd2 c5 8. Nge2 a6 9. d5 b5 10. cxb5 Qa5 11. Nc1 Nb6 12. Nb3 Qb4 13. Nd1 Qxd2+ 14. Kxd2 axb5 15. Bxb5 Ba6 16. Bxa6 Rxa6 17. Kc2 Nfd7 18. Nd2 f5 19. Nc3 Ne5 20. Rhf1 Nbc4 21. Nxc4 Nxc4 22. Bg1 Nxb2 23. Rab1 Ra3 24. Nb5 Rxa2 25. Nc3 Ra3 26. Nb5 Ra4 27. Nc7 Rb8 28. Ra1 Rc4+ 29. Kd2 Rb3 30. Ra8+ Kf7 31. Rb1 Bh6+ 32. Ke2 Rc2+ 33. Kf1 Rd3 34. Ne6 Nc4 35. Rba1 Nd2+ 36. Ke1 Nb3 37. Rb1 Nc1 38. Rxc1 Rxc1+ 39. Kf2 Rd2+ 40. Kg3 Rxg1 41. Rh8 Rgxg2+ 0-1

[Event "Tasnad Orasului Cup"]
[Site "Tasnad"]
[Date "2021.09.11"]
[Round "5"]
[White "Capragiu, Matei Stefan"]
[Black "Panc, Samuel"]
[Result "1-0"]
[WhiteElo "1834"]
[BlackElo "1977"]
[PlyCount "49"]
[EventDate "2021.09.09"]
[EventType "swiss"]
[EventRounds "7"]
[EventCountry "ROU"]
[SourceTitle "CBM 204 Extra"]
[Source "ChessBase"]
[SourceDate "2021.11.30"]
[SourceVersion "1"]
[SourceVersionDate "2021.11.30"]
[SourceQuality "1"]

1. e4 c5 2. g3 g6 3. Bg2 Bg7 4. Ne2 Nc6 5. c3 e5 6. d3 Nge7 7. Be3 b6 8. d4 d6 9. dxc5 dxc5 10. Qxd8+ Nxd8 11. Na3 Ba6 12. Rd1 Ne6 13. Nc2 Rd8 14. Rxd8+ Nxd8 15. Bd2 0-0 16. Ne3 Bh6 17. h4 Bxe3 18. Bxe3 h5 19. Kd2 Ne6 20. Rd1 Rd8+ 21. Ke1 Rxd1+ 22. Kxd1 Kf8 23. Nc1 Nc8 24. Nb3 Nd6 25. Nd2 1-0

[Event "ROM-ch U14"]
[Site "Calimanesti Caciulata"]
[Date "2019.04.15"]
[Round "1"]
[White "Capragiu, Matei Stefan"]
[Black "Antonica, Dragos Andrei"]
[Result "0-1"]
[WhiteElo "1526"]
[BlackElo "2130"]
[PlyCount "80"]
[EventDate "2019.04.15"]
[EventType "swiss"]
[EventRounds "9"]
[EventCountry "ROU"]
[SourceTitle "CBM 190 Extra"]
[Source "ChessBase"]
[SourceDate "2019.07.15"]
[SourceVersion "1"]
[SourceVersionDate "2019.07.15"]
[SourceQuality "1"]

1. d4 Nf6 2. c4 e6 3. Nf3 b6 4. g3 Ba6 5. Qa4 Be7 6. Bg2 0-0 7. 0-0 Bb7 8. Nc3 d6 9. Qc2 c5 10. e4 cxd4 11. Nxd4 Qc8 12. Qe2 Nc6 13. Nxc6 Bxc6 14. b3 Qb7 15. Ba3 a6 16. Rad1 Rfd8 17. Rfe1 Bf8 18. Bc1 h6 19. a4 Rab8 20. Bf1 Nd7 21. Ba3 Nc5 22. b4 Nxa4 23. Nxa4 Bxa4 24. Rd2 b5 25. Bg2 bxc4 26. Qxc4 Bb5 27. Qd4 Rbc8 28. Qe3 Rc7 29. f4 Rdc8 30. Bb2 Rc4 31. Qb3 f5 32. Bf1 Qb6+ 33. Kh1 R4c6 34. Bg2 Bc4 35. Qe3 Qxb4 36. Ba3 Qa5 37. Red1 Qc7 38. Bh3 Rb8 39. Qf2 Rb3 40. Bb2 Rcb6 0-1

[Event "ROM-ch U14"]
[Site "Calimanesti"]
[Date "2018.03.30"]
[Round "5"]
[White "Anton, Claudiu George Alex"]
[Black "Capragiu, Matei Stefan"]
[Result "1/2-1/2"]
[WhiteElo "1564"]
[BlackElo "1448"]
[PlyCount "125"]
[EventDate "2018.03.27"]
[EventType "swiss"]
[EventRounds "9"]
[EventCountry "ROU"]
[SourceTitle "CBM 183 Extra"]
[Source "ChessBase"]
[SourceDate "2018.04.19"]
[SourceVersion "1"]
[SourceVersionDate "2018.04.19"]
[SourceQuality "1"]

1. e4 e6 2. f4 d5 3. e5 c5 4. Nf3 Nc6 5. c3 Qb6 6. Na3 Bd7 7. Nc2 Nge7 8. d4 cxd4 9. Ncxd4 Nxd4 10. Nxd4 Nc6 11. Bb5 a6 12. Bxc6 bxc6 13. Qb3 Qxb3 14. Nxb3 c5 15. Be3 Rc8 16. Kd2 Be7 17. g4 0-0 18. g5 Rc7 19. Rac1 Rb8 20. Rb1 Ba4 21. Nc1 a5 22. Ne2 Bb5 23. Ng3 g6 24. h4 Bc4 25. b3 Ba6 26. h5 Kg7 27. hxg6 hxg6 28. Rh2 Rcc8 29. Rbh1 Rh8 30. Rxh8 Rxh8 31. Rxh8 Kxh8 32. Nh1 Bb5 33. Kc2 Be2 34. Nf2 Kg8 35. Nd3 Bxd3+ 36. Kxd3 Kf8 37. c4 Ke8 38. Bd2 Bd8 39. Kc2 Kd7 40. Kb2 Kc6 41. Ka3 d4 42. Ka4 Bc7 43. a3 Bd8 44. b4 axb4 45. axb4 cxb4 46. Bxb4 Bb6 47. Kb3 d3 48. Bd2 Bd4 49. Kb4 Ba1 50. Bc3 d2 51. Bxd2 Bd4 52. Kb3 Kc5 53. Bb4+ Kc6 54. Kc2 Be3 55. Bd2 Bd4 56. Kd3 Bb6 57. Be3 Bc7 58. Kc3 Ba5+ 59. Kb3 Bc7 60. Kb4 Bd8 61. Bf2 Bc7 62. Ba7 Bd8 63. Bb8 1/2-1/2

[Event "ROM-ch U14"]
[Site "Calimanesti"]
[Date "2018.03.28"]
[Round "2"]
[White "Capragiu, Matei Stefan"]
[Black "Tanasescu, Silviu Mihail"]
[Result "1-0"]
[WhiteElo "1448"]
[BlackElo "1146"]
[PlyCount "107"]
[EventDate "2018.03.27"]
[EventType "swiss"]
[EventRounds "9"]
[EventCountry "ROU"]
[SourceTitle "CBM 183 Extra"]
[Source "ChessBase"]
[SourceDate "2018.04.19"]
[SourceVersion "1"]
[SourceVersionDate "2018.04.19"]
[SourceQuality "1"]

1. d4 d5 2. Nf3 e6 3. c4 c6 4. Nc3 Bd6 5. Qc2 f5 6. g3 Nf6 7. Bg2 Qe7 8. b3 Ne4 9. Bb2 Bb4 10. 0-0 Nd7 11. Nxe4 fxe4 12. Ne5 Nxe5 13. dxe5 0-0 14. a3 Ba5 15. b4 Bc7 16. f3 exf3 17. exf3 Qg5 18. f4 Qf5 19. Rac1 Qxc2 20. Rxc2 Rf5 21. cxd5 exd5 22. Bxd5+ Kf8 23. Be4 Rh5 24. Bd4 Bf5 25. Bxf5 Rxf5 26. b5 Rd8 27. Bxa7 b6 28. Rxc6 Rf7 29. Bxb6 Bxb6+ 30. Rxb6 Ra7 31. Ra1 Rd3 32. a4 Ra5 33. Ra6 Rxa6 34. bxa6 Rd5 35. a5 Rd8 36. Rb1 Ra8 37. Rb6 Ke7 38. Rb7+ Kf8 39. a7 Ke8 40. Rb8+ Rxb8 41. axb8Q+ Kf7 42. Qd6 h5 43. e6+ Kg6 44. e7+ Kf5 45. Qe5+ Kg4 46. Qg5+ Kf3 47. Qxh5+ Ke4 48. e8R+ Kd4 49. Qe5+ Kc4 50. Qd6 g5 51. Rc8+ Kb5 52. Qb8+ Ka4 53. Rc1 gxf4 54. Ra1# 1-0

[Event "ROM-ch U12"]
[Site "Baile Felix"]
[Date "2017.02.02"]
[Round "1"]
[White "Capragiu, Matei Stefan"]
[Black "Pirvu, Christian"]
[Result "1/2-1/2"]
[WhiteElo "1179"]
[BlackElo "1507"]
[PlyCount "65"]
[EventDate "2017.02.02"]
[EventType "swiss"]
[EventRounds "9"]
[EventCountry "ROU"]
[SourceTitle "CBM 176 Extra"]
[Source "ChessBase"]
[SourceDate "2017.03.02"]
[SourceVersion "1"]
[SourceVersionDate "2017.03.02"]
[SourceQuality "1"]

1. d4 d5 2. c4 c6 3. Nf3 Bf5 4. Nc3 Nf6 5. Bg5 e6 6. cxd5 exd5 7. e3 Be7 8. Bxf6 Bxf6 9. Bd3 Bxd3 10. Qxd3 0-0 11. 0-0 Nd7 12. Rfc1 Be7 13. Rc2 Re8 14. Rac1 Bd6 15. Kh1 Re6 16. h3 Qe7 17. a3 a5 18. Ne2 h6 19. Kg1 Rg6 20. Qb3 Nf8 21. Nc3 Qf6 22. Kh1 Qe7 23. Na4 Ne6 24. Qd3 Rf6 25. Nh4 g6 26. Nf3 Bb8 27. Nb6 Ra6 28. Nxd5 cxd5 29. Rc8+ Kg7 30. Rxb8 Rd6 31. Qb5 Rxf3 32. gxf3 Qh4 33. Qf1 1/2-1/2

[Event "ROM-ch U12"]
[Site "Calimanesti Caciulata"]
[Date "2016.04.21"]
[Round "5"]
[White "Capragiu, Matei Stefan"]
[Black "Cirlea, Nicolae"]
[Result "0-1"]
[WhiteElo "1024"]
[BlackElo "1206"]
[PlyCount "66"]
[EventDate "2016.04.18"]
[EventType "swiss"]
[EventRounds "9"]
[EventCountry "ROU"]
[SourceTitle "CBM 172 Extra"]
[Source "ChessBase"]
[SourceDate "2016.06.21"]
[SourceVersion "1"]
[SourceVersionDate "2016.06.21"]
[SourceQuality "1"]

1. d4 d5 2. c4 e6 3. cxd5 exd5 4. Nc3 Nf6 5. Nf3 Bb4 6. Bd2 0-0 7. e3 Bg4 8. Be2 Nc6 9. 0-0 Ne4 10. Qc2 Nxd2 11. Qxd2 Qf6 12. h3 Bd7 13. a3 Bd6 14. Nb5 Rac8 15. Nxd6 Qxd6 16. Bd3 Ne7 17. Ne5 Bf5 18. Rfe1 Bxd3 19. Qxd3 f6 20. Nf3 g5 21. e4 Rf7 22. e5 fxe5 23. dxe5 Qh6 24. Qe3 Rff8 25. h4 Nf5 26. Qd2 Nxh4 27. Nxh4 Qxh4 28. Qxd5+ Kh8 29. Qxb7 Rg8 30. Qxa7 Rg6 31. f3 g4 32. Rf1 g3 33. Rac1 Qh2# 0-1